000
00301nam a2200121Ia 4500
005
20251222153632.0
008
251222s9999||||xx |||||||||||||| ||spa||
020
_a
950-07-1160-5
082
_a
869.26/A32
100
_a
"Aguinis, Marcos"
245
0
_a
Nueva carta esperanzada a un general
942
_c
LIB
999
_c
32390
_d
32390